000 01547nam a2200397Ii 4500
001 DIGRBN0027
003 NyNyDIG
008 140701s2013 sp a o 000 0 spa d
006 m o d
007 cr |||||||||||
020 _a9788499405933
_q(eBook)
020 _z9788499405926
020 _z8499405924
043 _ae-sp---
040 _aDGITA
_beng
_erda
_epn
_cDGITA
050 1 4 _aR483 eBook
100 1 _aGarcía-Albea Ristol, Esteban,
_d1946-
_eauthor
245 1 0 _a¡Adelante! :
_bmemorias de un director de hospital /
_cEsteban García-Albea.
250 _aEdición digital.
264 1 _aMadrid :
_bEditorial Biblioteca Nueva, S.L.,
_c2013.
300 _a1 online resource (302 pages) :
_billustrations.
336 _atext
_btxt
_2rdacontent
337 _acomputer
_bc
_2rdamedia
338 _aonline resource
_bcr
_2rdacarrier
588 0 _aOnline resource; title from ePub and PDF title page (Digitalia, viewed July 5, 2014)
600 1 0 _aGarcía-Albea Ristol, Esteban,
_d1946-
650 0 _aPhysicians
_zSpain
_vBiography.
650 0 _aHospitals
_xhistory
_zSpain
_vPersonal Narratives.
655 0 _aElectronic books.
791 2 _aDigitalia (Firm),
_edistributor.
793 0 _gDigitalia eBook Collection:
_aBiblioteca Nueva
776 0 8 _iPrint version:
_t¡Adelante! : memorias de un director de hospital.
_dMadrid : Biblioteca Nueva, 2013
_z9788499405926
_w(OCoLC)864264688
856 4 0 _3Digitalia Hispánica
_uhttps://www.digitaliapublishing.com/a/23535/
910 _aPremium Collection: 2013
942 _cRAA
999 _c237758
_d237758